Hĺbkové rozpoznávanie obrazu za účelom lokalizácie objektov pre mobilný robotický systém
Saved in:
| Main Author: | |
|---|---|
| Other Authors: | |
| Format: | Manuscript Book |
| Language: | Slovak |
| Published: |
2015
|
| Subjects: | |
| Online Access: | http://is.stuba.sk/zp/portal_zp.pl?podrobnosti=112828 |
| Tags: |
No Tags, Be the first to tag this record!
|
MARC
| LEADER | 00000ntm a22000003a 4500 | ||
|---|---|---|---|
| 001 | stuzp53036 | ||
| 003 | SK-STU | ||
| 005 | 20160719154346.1 | ||
| 007 | ta | ||
| 008 | 150427s2015----xo-----f-mn---000-0-slo-d | ||
| 040 | |a STU |b slo | ||
| 041 | 0 | |a slo | |
| 100 | 1 | |a Géci, Marián |u 020020 |4 aut |U SjF Strojnícka fakulta |T SjF Ústav automatizácie, merania a aplikovanej informatiky |X 8248 |U J0020 |Y 802 |7 A000008248 | |
| 242 | 0 | 1 | |a Object recognition with depth image and object detection for mobile robotic system |y eng |
| 245 | 1 | 0 | |a Hĺbkové rozpoznávanie obrazu za účelom lokalizácie objektov pre mobilný robotický systém |
| 260 | |c 2015 | ||
| 650 | 4 | |a segmentácia obrazu |2 slo | |
| 650 | 4 | |a hĺbkové rozpoznávanie obrazu |2 slo | |
| 650 | 4 | |a lokalizácia objektu |2 slo | |
| 650 | 4 | |a mobilný robotický systém |2 slo | |
| 650 | 4 | |a Kinect |2 slo | |
| 650 | 4 | |a image segmentation |2 eng | |
| 650 | 4 | |a depth recognition |2 eng | |
| 650 | 4 | |a localization of object |2 eng | |
| 650 | 4 | |a mobile robotic system |2 eng | |
| 650 | 4 | |a Kinect |2 eng | |
| 700 | 1 | |a Vachálek, Ján |4 ths |X 2232 |7 A000002232 | |
| 856 | 4 | |u http://is.stuba.sk/zp/portal_zp.pl?podrobnosti=112828 | |
| 996 | |b 284J043671 |c J* 1961/DP |l JJSK |s A |a 24 |w stuzp53036_0001 | ||
| SQL | |a stuzp53036 |b DDP |c SLO |d Hĺbkové rozpoznávanie obrazu za účelom lokalizácie objektov pre mobilný robotický systém |e 8248 |f Géci, Marián |g 020020 |h 2232 |i Vachálek, Ján |j 20150618 |k 51 |l 02 |m http://is.stuba.sk/zp/portal_zp.pl?podrobnosti=112828 |n I-AISP |o 5.2.14. automatizácia | ||